| 000 | 01014cam a22001934a 4500 | ||
|---|---|---|---|
| 005 | 20250605164334.0 | ||
| 008 | 250528s ||||||||||||||||||||||||d | ||
| 035 | _a23353 | ||
| 020 | _a9603513849 | ||
| 040 |
_aGR-AtMCL _bgre _dGR-AtMCL _eAACR2 |
||
| 245 | 1 | _aΔιοίκηση Επιχειρήσεων | |
| 260 |
_bΣταμούλης Α, _c2002 |
||
| 300 | _a240 | ||
| 520 | _aΜια Ιστορική Διαδρομή στο Management, Βασικές Έννοιες του Management, Επιχειρηματική Culture και Επιχειρηματικό Περιβάλλον, Το Management της Στρατηγικής, Εισαγωγή στη Μη-Γραμμική Διοίκηση, Τα Δύο Είδη του Management Πλοίων, Μη Γραμμικές Μέθοδοι και Έννοιες, Η Διοίκηση της Αλλαγής και της Καινοτομίας. | ||
| 700 | 1 |
_aΓουλιέλμος Αλέξανδρος Μ _94628 |
|
| 942 | _cBK | ||
| 999 |
_c8378 _d8378 |
||